00177nam a2200073Ia 4500008004100000100000900041245004400050260000900094190216s9999||||xx |||||||||||||| ||und|| aNull 0aHindi-Girija Kumar Mayoor Aur Unka Harz bNull